00675nam a2200169 a 4500003000200000005001700002008004100019050003200060100003500092245013300127300004000260504004300300650006100343650002200404650003900426650004000465020250513141608.0021108s19uu xx 00 eng d aPGS HV 5824.C45b.H557 2002 aHernandez, Joselito Luis Misa. aPerceptions and awareness of grade six students on drugs and on why people use prohibited drugs /cJoselito Luis Misa Hernandez. a21 pages ;billustrations ;c28 cm. aIncludes bibliographical references.  aDrug abusevPreventionvStudy and teaching (Elementary). aDrug usevCauses. aDrug abusevPsychological aspects. aChildrenvDrug usevSocial aspects.